00305nam a2200121Ia 45000030006000000080041000060400015000471000021000622450045000832600026001285460012001540050017001660STCL150530s9999 xx 000 0 und d aSTCLcSTCL aUrsula Hicks, K. aDevelopment finance planning and control bClarendon pressc1964 aEnglish20220125165617.0